[Event "Floripa Chess Open 2024"]
[Site "Florianopolis"]
[Date "2024.01.24"]
[Round "6.115"]
[White "Da Costa, Mariana Nara Santan"]
[Black "Barbosa, Flavio Novais"]
[Result "1/2-1/2"]
[WhiteElo "1544"]
[BlackElo "1827"]
[PlyCount "116"]
[EventDate "2024.01.20"]
[EventRounds "10"]
[EventCountry "BRA"]

1. d4 Nf6 2. Bg5 d5 3. Nf3 c6 4. e3 g6 ({RR} 4... Ne4 5. Bf4 Bf5 6. Nbd2 e6 7.
Nxe4 Bxe4 8. Bd3 Nd7 9. Bxe4 dxe4 10. Nd2 f5 11. g4 Nf6 12. Bg5 Be7 13. Bxf6
Bxf6 14. Qe2 O-O 15. O-O-O Qd7 16. Rhg1 Rad8 17. Kb1 Kh8 18. Nc4 b5 19. Nd2 {
Terry,R (2504)-Jobava,B (2582) Europe-Echecs INT 2021 1-0 (53)}) 5. Bxf6 exf6
6. c4 Bg7 7. Nc3 $146 ({RR} 7. cxd5 cxd5 8. Nc3 O-O 9. Qb3 Be6 10. Qxb7 Nd7 11.
Qb3 Rb8 12. Qc2 Qb6 13. Rb1 Rfc8 14. Bd3 f5 15. O-O Bf8 16. Qe2 Bb4 17. Rfc1
Nf6 18. Na4 Qa5 19. Rxc8+ Rxc8 20. Nc5 Bxc5 21. dxc5 Qxc5 {Sailer,M (2095)
-Yurasov,M (2152) chess.com INT 2023 0-1}) 7... dxc4 8. Bxc4 O-O 9. O-O Nd7 10.
b4 Nb6 11. Bb3 f5 12. Rc1 Qe7 13. a3 a6 14. Qc2 Be6 15. Rfd1 Rfd8 16. Rb1 Rac8
17. a4 Nd5 18. Nxd5 Bxd5 19. Bxd5 Rxd5 20. b5 axb5 21. axb5 c5 22. Rdc1 b6 23.
Qa2 Rcd8 24. Qa3 Bf8 25. dxc5 Qd7 26. g3 Bxc5 27. Qc3 Rd3 28. Qf6 Qd5 29. Qc6
Rd6 30. Qxd5 R6xd5 31. Kf1 Ra3 32. Rc2 Kg7 33. Ke2 Kf6 34. Nd2 Rdd3 35. Nc4
Rdc3 36. Rbc1 Rxc2+ 37. Rxc2 Rb3 38. Nxb6 Bxb6 39. Rc6+ Kg5 40. Rxb6 h5 41. Rb8
h4 42. b6 hxg3 43. hxg3 Kg4 44. Rb7 Rb2+ 45. Kd3 Kf3 46. Kc3 Rb1 47. Kc4 Kxf2
48. Kc5 Kxg3 49. Rxf7 Kf3 50. Rg7 Kxe3 51. Rxg6 f4 52. Re6+ Kd3 53. Rf6 Ke3 54.
Kc6 f3 55. b7 f2 56. Kc7 Rxb7+ 57. Kxb7 Ke2 58. Rxf2+ Kxf2 1/2-1/2

[Event "Floripa Chess Open 2024"]
[Site "Florianopolis"]
[Date "2024.01.24"]
[Round "6.116"]
[White "Trombini, Fabio"]
[Black "Deretti, Lucas Jurk"]
[Result "0-1"]
[WhiteElo "1822"]
[BlackElo "1548"]
[PlyCount "134"]
[EventDate "2024.01.20"]
[EventRounds "10"]
[EventCountry "BRA"]

1. b3 e5 2. Bb2 Nc6 3. c4 Nf6 4. e3 d5 5. cxd5 Nxd5 6. a3 Bd6 7. d3 O-O 8. Nd2
Qe7 9. Ngf3 f5 10. Nc4 ({RR} 10. b4 Kh8 11. Nc4 b5 12. Nxd6 cxd6 13. Be2 Bb7
14. O-O Nd8 15. Re1 Ne6 16. Bf1 Rac8 17. Rc1 Rxc1 18. Qxc1 Nf6 19. Qd1 a6 20.
g3 Qe8 21. Nh4 Ng4 22. f4 exf4 23. exf4 Qc6 24. Bg2 Qb6+ {Artemiev,V (2706)
-Kramnik,V (2753) Krasnogorsk RUS 2022 1-0 (54)}) ({RR} 10. Qc2 Be6 11. Be2 a5
12. O-O Rad8 13. Rfe1 h6 14. Bf1 Nf6 15. Nc4 Bf7 16. d4 e4 17. Nfe5 Bxe5 18.
Nxe5 Nxe5 19. dxe5 Ng4 20. Rac1 c6 21. h3 Nxe5 22. Qc3 Rfe8 23. Qxa5 Bxb3 24.
Qxe5 Qxe5 {Gritsenko,N (2309)-Medeiros,F (2067) chess.com INT 2024 1-0 (44)})
10... b5 $146 ({RR} 10... Bd7 11. Be2 b5 12. Nxd6 cxd6 13. O-O a5 14. Re1 Rfc8
15. Bf1 b4 16. axb4 Ncxb4 17. Rc1 Rxc1 18. Qxc1 Rc8 19. Qb1 Bb5 20. Rc1 Qb7 21.
Rxc8+ Qxc8 22. Nd2 f4 23. e4 Ne7 24. Nc4 Bxc4 25. dxc4 {Dittmar,P (2356)-Grant,
J (2246) Arco 2008 1/2-1/2 (36)}) ({RR} 10... Bd7 11. g3 Rae8 12. Bg2 Nf6 13.
O-O Kh8 14. b4 a6 15. Rc1 b5 16. Nxd6 cxd6 17. Qe2 Rc8 18. Rc2 e4 19. dxe4 fxe4
20. Ng5 d5 21. Nh3 Ne5 22. Nf4 Bg4 23. Qd2 Rc4 24. h3 Nf3+ 25. Bxf3 {Ang,A  
(1921)-Perez Rodriguez,L (2335) Laval Quebec CAN 2022 1/2-1/2 (38)}) 11. Nxd6
cxd6 12. h4 Bd7 13. g3 Rae8 14. Bg2 Nf6 15. O-O f4 16. exf4 exf4 17. Re1 Qf7
18. Qc2 Rc8 19. Ng5 Qg6 20. Ne4 Nxe4 21. Bxe4 Qg4 22. Qd2 fxg3 23. fxg3 Qxg3+
24. Qg2 Qxg2+ 25. Kxg2 Rf4 26. Bd5+ Kh8 27. Re4 Rxe4 28. Bxe4 Ne5 29. Rf1 g6
30. Bd4 Bc6 31. Rf6 Bxe4+ 32. dxe4 Kg8 33. Rxd6 Nc6 34. Bf6 Kf7 35. e5 Rc7 36.
b4 h6 37. Rd5 Rb7 38. Rd6 Ne7 39. Kf3 Nf5 40. Rd5 Ke6 41. Rc5 Kd7 42. Kf4 Ne7
43. Kg4 Ke6 44. Bxe7 Kxe7 45. h5 gxh5+ 46. Kxh5 Rb6 47. Rc8 Ke6 48. Rc5 Kf5 49.
Rc7 a6 50. Re7 Re6 51. Rf7+ Kxe5 52. Rf1 Kd4 53. Rf3 Kc4 54. Rg3 Rd6 55. Rg4+
Rd4 56. Rg3 Rd3 57. Rg4+ Kb3 58. Rg6 Kxa3 59. Rxa6+ Kxb4 60. Kxh6 Kb3 61. Kg5
b4 62. Kf4 Kb2 63. Ke4 Rd8 64. Rc6 b3 65. Ke3 Kb1 66. Rh6 b2 67. Rh1+ Ka2 0-1

[Event "Floripa Chess Open 2024"]
[Site "Florianopolis"]
[Date "2024.01.24"]
[Round "6.117"]
[White "Rodrigues, Nei Jorge"]
[Black "Monteiro, Samuel Ramazzotte"]
[Result "1-0"]
[WhiteElo "1822"]
[BlackElo "1540"]
[PlyCount "103"]
[EventDate "2024.01.20"]
[EventRounds "10"]
[EventCountry "BRA"]

1. Nf3 Nf6 2. g3 g6 3. Bg2 Bg7 4. O-O O-O 5. c4 d6 6. Nc3 e5 7. d3 Nc6 8. Rb1
a5 9. a3 Nd7 10. b4 axb4 11. axb4 f5 12. Nd5 ({RR} 12. Qb3 h6 ({RR} 12... Kh8
13. Bg5 ({RR} 13. Nd5 h6 14. Qc2 Nf6 15. Nxf6 Qxf6 16. b5 Ne7 17. b6 c6 18. Bd2
Be6 19. Bb4 Bg8 20. Nd2 Rfc8 21. Ra1 d5 22. c5 e4 23. Nb3 d4 24. Rxa8 Rxa8 25.
dxe4 fxe4 26. Bxe4 Nd5 27. Bd2) 13... Bf6 14. h4 Ne7 15. Ra1 Rxa1 16. Rxa1 c6
17. Qa3 Bg7 18. Qc1 Nf6 19. c5 Be6 20. Ra7 Bc8 21. e4 Qc7 22. Qa3 dxc5 23. bxc5
h6 24. Bxf6 Bxf6 25. Na4 Be6 26. Nb6 Nc8 27. Ra8) ({RR} 12... Nf6 13. b5 Ne7
14. c5+ Kh8 15. Rd1 h6 16. Ba3 Nfd5 17. Nxd5 Nxd5 18. Nh4 Ne7 19. b6 d5 20. c6
Kh7 21. bxc7) 13. b5 Nc5 14. Qc2 Ne7 15. Be3 Ne6 16. Ra1 Rxa1 17. Rxa1 Bd7 18.
Ra7 g5 19. Rxb7 e4 20. Nd2 f4 21. Ba7 Nd4 22. Bxd4 Bxd4 23. Ndxe4 Qc8 24. b6
Bxb6 25. Qb3 Bd4 26. c5+ Be6 {Mitrabha,G (2508)-Rakhmatullaev,A (2383)
Samarkand UZB 2023 1-0 (43)}) ({RR} 12. b5 Ne7 13. Bb2 f4 14. Ne4 h6 15. Ra1
Rxa1 16. Qxa1 g5 17. c5 Nf6 18. cxd6 cxd6 19. Qa2+ Kh8 20. Nfd2 g4 21. Rc1 Nxe4
22. Bxe4 d5 23. Bg2 Be6 24. Qa7 Nf5 25. Qxb7 Rf7 26. Qc6 Bc8) ({RR} 12. b5 Ne7
13. Bb2 f4 14. Ne4 h6 15. Ra1 Rxa1 16. Qxa1 g5 17. c5 Nf6 18. cxd6 cxd6 19.
Qa2+ Kh8 20. Nfd2 g4 21. Rc1 Nxe4 22. Bxe4 d5 23. Bg2 Be6 24. Qa7 Nf5 25. Qxb7
Rf7 26. Qc6 Bc8 {Jumanov,E (2155)-Yarullina,A (2084) chess.com INT 2023 1-0})
12... h6 13. Nd2 g5 14. Bb2 $146 ({RR} 14. b5 Ne7 15. b6 cxb6 16. Rb5 Nxd5 17.
Bxd5+ Kh8 18. Qb3 Nc5 19. Qb1 Ra6 20. Rb4 Bd7 21. Nb3 Bc6 22. Bxc6 bxc6 23.
Nxc5 dxc5 24. Rb3 Qc7 25. Ra3 Rxa3 26. Bxa3 Ra8 27. Qb3 Rb8 28. Rb1 Bf8 {
Carrillo Aguayo,B (1644)-Carreras Mendiolea,P (1906) Mexico City MEX 2021 0-1 
(54)}) ({RR} 14. b5 Ne7 15. b6 cxb6 16. Rb5 Nxd5 17. Bxd5+ Kh8 18. Qb3 Nc5 19.
Qb1 Ra6 20. Rb4 Bd7 21. Nb3 Bc6 22. Bxc6 bxc6 23. Nxc5 dxc5 24. Rb3 Qc7 25. Ra3
Rxa3 26. Bxa3 Ra8 27. Qb3 Rb8 28. Rb1 Bf8 {Carrillo Aguayo,B (1644)-Carreras
Mendiolea,P (1906) Mexico City MEX 2021 0-1 (54)}) 14... Ne7 15. Nb3 Nxd5 16.
cxd5 Nf6 17. Qc2 f4 18. Rbc1 Rf7 19. Qc4 h5 20. Nd2 h4 21. d4 hxg3 22. hxg3 Ng4
23. Ne4 Bf5 24. dxe5 Nxe5 25. Qb3 Bxe4 26. Bxe4 Qd7 27. Bxe5 Bxe5 28. Kg2 Qg4
29. Bf3 Qf5 30. g4 Qd7 31. Rh1 Rh7 32. Qc2 Rc8 33. Rxh7 Qxh7 34. Qxh7+ Kxh7 35.
Be4+ Kg7 36. Bf5 Rf8 37. Be6 c6 38. dxc6 bxc6 39. Rxc6 Rb8 40. Rc4 Kf6 41. Bd5
Bb2 42. Bc6 Ba3 43. b5 Bc5 44. Rc1 Ke5 45. Rh1 Rg8 46. Rh7 Rb8 47. Kf3 Kf6 48.
e3 fxe3 49. fxe3 Ke5 50. Rf7 Ke6 51. Rf5 Rg8 52. Bd5+ 1-0

[Event "Floripa Chess Open 2024"]
[Site "Florianopolis"]
[Date "2024.01.24"]
[Round "6.118"]
[White "Pavao, Alice Lara Biasi"]
[Black "Da Fonseca Pinto, Joao Gabriel Alves"]
[Result "1/2-1/2"]
[WhiteElo "1517"]
[BlackElo "1808"]
[PlyCount "84"]
[EventDate "2024.01.20"]
[EventRounds "10"]
[EventCountry "BRA"]

1. c4 Nf6 2. Nc3 g6 3. e4 d6 4. d4 Bg7 5. Nf3 O-O 6. Be2 e5 7. O-O Nc6 8. d5
Ne7 9. h3 Ne8 10. Qc2 ({RR} 10. Bg5 f6 11. Bh4 Kh8 12. Qd2 Ng8 13. b4 Qe7 14.
Rab1 h5 15. Bg3 Bh6 16. Qd3 Ng7 17. Bh4 g5 18. Bg3 f5 19. c5 f4 20. Bh2 g4 21.
hxg4 hxg4 22. Nd2 Nh5 23. cxd6 cxd6 24. g3 f3 {WoDra (2534)-McShane (2381)
playchess.com INT 2006 0-1 (35)}) ({RR} 10. b4 f5 11. Bg5 f4 12. c5 h6 13. Bxe7
Qxe7 14. Nb5 a6 15. Na3 g5 16. cxd6 cxd6 17. Nc4 g4 18. hxg4 Bxg4 19. Rc1 Rf6
20. Nh2 Bxe2 21. Qxe2 Rg6 22. Rc3 Qg5 23. Qf3 b5 24. Nb6 Rb8 {Gardezi,A (2093)
-Lohani,S (1753) chess.com INT 2023 1-0 (45)}) 10... f5 11. exf5 gxf5 12. Rd1
$146 ({RR} 12. Bg5 Bf6 13. Qd2 Ng6 14. Bxf6 Qxf6 15. Rae1 Kh8 16. Kh2 Rg8 17.
Bd1 Qg7 18. Rg1 Nf6 19. g3 Bd7 20. c5 Rae8 21. b4 e4 22. Nd4 Ne5 23. Nce2 Nd3
24. Ref1 Nxf2 25. Qe3 N2g4+ {0-1 (25) Madelenat,M (1760)-Piat,J (1750) France
1998}) 12... Nf6 13. Bg5 h6 14. Bh4 Ng6 15. Bg3 Qe8 16. Nh4 Nxh4 17. Bxh4 Qf7
18. Qd3 Nd7 19. Qf3 Nf6 20. Qd3 Nd7 21. Qf3 e4 22. Qh5 Qxh5 23. Bxh5 Ne5 24.
Be7 Nxc4 25. Bxf8 Kxf8 26. Rab1 Nxb2 27. Rxb2 Bxc3 28. Rb3 Ba5 29. g4 Bb6 30.
Kg2 Bd7 31. Re1 Kg7 32. gxf5 Bxf5 33. Rg3+ Kf6 34. Bg4 Bh7 35. Be6 Rf8 36. Re2
Bd4 37. Rg4 c5 38. Rf4+ Ke7 39. Rh4 Rf6 40. a4 b6 41. Rg4 Rf3 42. Rh4 Rf6
1/2-1/2

[Event "Floripa Chess Open 2024"]
[Site "Florianopolis"]
[Date "2024.01.24"]
[Round "6.119"]
[White "Gomes, Joao Paulo Santos"]
[Black "Kaneda, Eric Kazuichi"]
[Result "0-1"]
[WhiteElo "1514"]
[BlackElo "1803"]
[PlyCount "92"]
[EventDate "2024.01.20"]
[EventRounds "10"]
[EventCountry "BRA"]

1. c4 b6 2. Nc3 e6 3. e4 Bb4 4. Nge2 Bb7 5. g3 f5 6. Bg2 Nf6 7. d3 fxe4 8. a3
$146 ({RR} 8. O-O O-O 9. dxe4 Ng4 10. Na4 Qe7 {1/2-1/2 (10) Buchal,S (2296)-De
Jager,J (2404) Haarlem 2013}) 8... Bxc3+ 9. Nxc3 d5 10. dxe4 d4 11. Ne2 c5 12.
f3 Nbd7 13. O-O e5 14. b4 O-O 15. Qd3 Qe7 16. Rb1 Ne8 17. Bd2 Nd6 18. Rbc1 a6
19. a4 cxb4 20. Bxb4 a5 21. Bxd6 Qxd6 22. f4 Nc5 23. Qd1 d3 24. Nc3 Qd4+ 25.
Kh1 Bxe4 26. Nxe4 Nxe4 27. Bxe4 Qxe4+ 28. Qf3 Qd4 29. Qd5+ Qxd5+ 30. cxd5 e4
31. Rce1 Rfe8 32. Re3 Rad8 33. Rd1 Rxd5 34. Kg2 Kf7 35. Kf2 Rc5 36. Rb1 Rc2+
37. Ke1 Rxh2 38. Rxb6 Rc8 39. Kd1 Rh1+ 40. Re1 Rxe1+ 41. Kxe1 e3 42. Kd1 e2+
43. Kd2 Rc2+ 44. Kxd3 e1=Q 45. Rb7+ Ke6 46. Rb6+ Kd7 0-1

[Event "Floripa Chess Open 2024"]
[Site "Florianopolis"]
[Date "2024.01.24"]
[Round "6.120"]
[White "Philippi, Enzo Grotto"]
[Black "Correia, Pedro Bavaresco"]
[Result "1/2-1/2"]
[WhiteElo "1471"]
[BlackElo "1796"]
[PlyCount "109"]
[EventDate "2024.01.20"]
[EventRounds "10"]
[EventCountry "BRA"]

1. e4 c5 2. Nf3 Nc6 3. c4 d6 4. Nc3 Nf6 5. Be2 Bg4 ({RR} 5... g6 6. O-O Bg7 7.
Rb1 O-O 8. d3 a6 9. h3 Rb8 10. Bd2 b5 11. b3 b4 12. Nd5 e6 13. Nxf6+ Bxf6 14.
Qc1 Bh8 15. h4 a5 16. Bh6 Re8 17. h5 Bd7 18. hxg6 hxg6 19. g3 Nd4 20. Nxd4 {
Cokan,M (1614)-Racnik,T (1849) Nova Gorica SLO 2024 0-1 (47)}) 6. d3 ({RR} 6.
h3 Bxf3 7. Bxf3 g6 8. O-O Bg7 9. d3 Nd4 10. e5 dxe5 11. Bxb7 Rb8 12. Qa4+ Qd7
13. Qxd7+ Nxd7 14. Bf3 e4 15. Nxe4 f5 16. Nd2 Ne5 17. Nb3 Nxd3 18. Rd1 Nxc1 19.
Raxc1 Kf7 20. Nxd4 Bxd4 {Schramm,C (2371)-Heimann,A (2601) Deizisau GER 2018
0-1 (32)}) 6... g6 7. O-O Bg7 8. Bd2 $146 ({RR} 8. Be3 O-O 9. Qd2 a6 10. a3 b5
11. cxb5 axb5 12. Nxb5 Qa5 13. a4 Nd7 14. Rfb1 Nb6 15. Bd1 Rfb8 16. Ra3 Bd7 17.
Qe2 Nb4 18. d4 d5 19. exd5 c4 20. d6 Bf5 21. Rba1 exd6 22. Nxd6 Bd3 {Nigalidze,
G (2508)-Lortkipanidze,N (2370) Tbilisi GEO 2019 1-0 (55)}) ({RR} 8. Be3 Bxf3
9. Bxf3 O-O 10. Rb1 Rb8 11. a3 Nd7 12. Qd2 Nd4 13. Bd1 Ne5 14. b4 b6 15. f4 Nd7
16. f5 a5 17. bxa5 bxa5 18. Rxb8 Nxb8 19. Nd5 Nd7 20. Bg5 Nf6 21. fxg6 fxg6 22.
Ba4 Nxd5 {Golikov,D (2336)-Thing,B (2148) St Petersburg RUS 2021 0-1 (65)})
8... O-O 9. Nd5 Bxf3 10. Bxf3 e6 11. Ne3 Nd7 12. Rb1 Nde5 13. Be2 Nd4 14. Nc2
Nec6 15. Be3 Rb8 16. b4 Nxc2 17. Qxc2 Nxb4 18. Qa4 Nc6 19. Rb3 Qa5 20. Qxa5
Nxa5 21. Rb5 Nc6 22. Rfb1 b6 23. a3 Rfd8 24. h4 h5 25. Kh2 Kf8 26. g4 hxg4 27.
Bxg4 Ke7 28. Kg3 Rh8 29. Rh1 Be5+ 30. f4 Bd4 31. Bxd4 Nxd4 32. Rb2 e5 33. fxe5
dxe5 34. Rf2 Rbd8 35. h5 gxh5 36. Rxh5 Rxh5 37. Bxh5 Rg8+ 38. Kh4 f6 39. Bg4
Rh8+ 40. Kg3 Rh1 41. Rh2 Rxh2 42. Kxh2 Nb3 43. Bd1 Nc1 44. Bc2 Ne2 45. Kg2 a6
46. a4 Kf7 47. Kf2 Nd4 48. Bd1 Kg6 49. Kg3 Kg5 50. Bg4 Nc2 51. Bd1 Nd4 52. Bg4
b5 53. axb5 axb5 54. cxb5 Nxb5 55. Kf3 1/2-1/2

[Event "Floripa Chess Open 2024"]
[Site "Florianopolis"]
[Date "2024.01.24"]
[Round "6.121"]
[White "Silva, Ezequiel Demetras"]
[Black "Nicacio, Daniel Ramos"]
[Result "1/2-1/2"]
[WhiteElo "1793"]
[BlackElo "1479"]
[PlyCount "93"]
[EventDate "2024.01.20"]
[EventRounds "10"]
[EventCountry "BRA"]

1. c4 e5 2. Nc3 d6 3. g3 Nf6 4. Bg2 Nbd7 5. e3 g6 6. Nge2 Bg7 7. O-O O-O 8. b4
({RR} 8. h3 c6 9. d4 Qe7 10. b3 h5 11. Ba3 e4 12. Qc2 Re8 13. Rad1 Nf8 14. d5
c5 15. Bb2 N8h7 16. Kh2 Bf5 17. Ng1 Ng5 18. Qe2 a6 19. Rde1 b5 20. cxb5 axb5
21. Qxb5 Nd7 22. Qe2 Ne5 {Cekro,E (2391)-Movsesian,S (2668) Dordrecht 2000 0-1
(85)}) 8... Re8 9. d3 ({RR} 9. b5 e4 10. Bb2 Nc5 11. Nf4 Bf5 12. Qb1 c6 13. a4
a5 14. h4 Nb3 15. Qa2 Nxa1 16. Bxa1 h5 17. Nce2 Qd7 18. Nd4 Bg4 19. Rb1 c5 20.
Nde2 Bf3 21. Bh3 Ng4 22. Bxg7 Kxg7 23. Qb2+ Re5 {Rangel,D (2220)-Maksimovic,B 
(2486) chess.com INT 2023 1-0 (36)}) 9... h5 $146 ({RR} 9... a5 10. b5 Nc5 11.
Ba3 Rb8 12. Na4 b6 13. Nxc5 dxc5 14. Bb2 Qe7 15. h3 Bb7 16. Qc2 Bxg2 17. Kxg2
Rbd8 18. Rad1 h5 19. e4 h4 20. Bc1 Nh7 21. Nc3 f5 22. Nd5 Qf7 23. Qe2 Nf6 24.
Bg5 {Kulon,K (2359)-Juhasz,B (2200) Suwalki 2017 1-0 (40)}) 10. a4 a5 11. Ba3
axb4 12. Bxb4 Nf8 13. e4 N8h7 14. Ra2 Be6 15. Nd5 c6 16. Nxf6+ Bxf6 17. Ra3 h4
18. a5 Kg7 19. Bc3 Qe7 20. Qa1 Rh8 21. f4 hxg3 22. hxg3 exf4 23. Nxf4 Bxc3 24.
Qxc3+ Nf6 25. Nxe6+ Qxe6 26. Ra2 g5 27. Raf2 Rh6 28. Rf5 Rg6 29. e5 dxe5 30.
Rxe5 Qd6 31. c5 Qd8 32. Ref5 Qxa5 33. Qc1 Qa3 34. Qe3 Re8 35. Qd2 g4 36. Rg5
Nh7 37. Rxg6+ Kxg6 38. Qf2 Ng5 39. Qf6+ Kh5 40. Rf5 Qc1+ 41. Kh2 Re6 42. Qxf7+
Rg6 43. Qh7+ Rh6 44. Qf7+ Rg6 45. Qh7+ Rh6 46. Qf7+ Rg6 47. Qh7+ 1/2-1/2

[Event "Floripa Chess Open 2024"]
[Site "Florianopolis"]
[Date "2024.01.24"]
[Round "6.122"]
[White "Cardoso, Maria Paula Da Silv"]
[Black "Milkievicz Da Rocha, Mateus"]
[Result "1-0"]
[WhiteElo "1780"]
[BlackElo "1468"]
[PlyCount "89"]
[EventDate "2024.01.20"]
[EventRounds "10"]
[EventCountry "BRA"]

1. e4 {Ramirez Alvarez,Alejandro} e5 2. Nf3 Nc6 3. Bc4 Nf6 4. d3 Bc5 5. c3 d6
6. Nbd2 a6 7. Bb3 Be6 8. Nf1 ({RR} 8. Bxe6 fxe6 9. O-O O-O 10. b4 Ba7 11. a4
Nh5 12. Nb3 Qe8 13. Qe2 Nf4 14. Bxf4 Rxf4 15. b5 Ne7 16. d4 exd4 17. Nbxd4 Ng6
18. bxa6 bxa6 19. Qc4 Rxe4 20. Qxc7 Qc8 21. Qxd6 Bc5 22. Qc6 ({RR} 22. Qg3 e5
23. Nc2 Rg4) 22... Qxc6 {Caruana,F (2811)-Kramnik,V (2783) Zuerich 2015 CBM
165 [Ramirez Alvarez,Alejandro] 1/2-1/2}) 8... h6 9. Ng3 Qd7 10. Bc2 $146 ({RR
} 10. O-O Ba7 11. Be3 Bxb3 12. Qxb3 Bxe3 13. fxe3 O-O-O 14. c4 g6 15. Rae1 Ng8
16. Qc3 Nge7 17. b4 Rdf8 18. d4 f6 19. a4 Nb8 20. b5 h5 21. c5 axb5 22. axb5
Qxb5 23. cxd6 Qc6 24. Qxc6 Nexc6 {Komliakov,V (2400)-Gavrilov,A (2370) Moscow
1989 0-1 (62)}) ({RR} 10. O-O Ba7 11. Bc2 O-O-O 12. Qe2 Rhe8 13. b4 d5 14. a4
a5 15. b5 Ne7 16. Nxe5 Qd6 17. d4 dxe4 18. Ba3 Qd5 19. Nxe4 Nf5 20. Nxf6 gxf6
21. Be4 Qb3 22. Nxf7 Nxd4 23. cxd4 Bxf7 24. Qg4+ Kb8 {Bochnicka,V (2309)
-Jaracz,P (2465) chess.com INT 2023 1-0 (68)}) ({RR} 10. O-O O-O 11. h3 Bb6 12.
Nh4 Ne7 13. Qf3 Nh7 14. Bxe6 fxe6 15. Qe2 Qe8 16. Kh1 Kh8 17. Be3 Bxe3 18. Qxe3
Ng6 19. Nxg6+ Qxg6 20. Ne2 Qg5 21. Qxg5 Nxg5 22. f4 exf4 23. Nxf4 Rf6 24. h4
Nh7 {Bui,B (1654)-Schubert,N (1347) Magdeburg 2015 0-1 (46)}) 10... Bg4 11. a3
Bxf3 12. gxf3 g6 13. h3 Ke7 14. f4 Rag8 15. Qe2 Ke8 16. fxe5 dxe5 17. f4 exf4
18. Bxf4 g5 19. Bd2 Ne7 20. d4 Bb6 21. O-O-O Kd8 22. Qf3 Ne8 23. e5 Kc8 24. Be4
c6 25. Qxf7 Rf8 26. Qb3 Qd8 27. Be3 Nd5 28. Bg1 Bc7 29. c4 Nf4 30. Be3 Ng7 31.
Kb1 h5 32. Rh2 Qe7 33. Ne2 Nxe2 34. Rxe2 Nf5 35. Bf2 g4 36. d5 cxd5 37. cxd5
Bxe5 38. Rc1+ Kb8 39. Qb6 Bd4 40. Bxd4 Nxd4 41. Qxd4 Qd6 42. hxg4 hxg4 43. Bf5
g3 44. Re6 Qd7 45. Qe5+ 1-0

[Event "Floripa Chess Open 2024"]
[Site "Florianopolis"]
[Date "2024.01.24"]
[Round "6.123"]
[White "Ruvieri, Daniel Minami"]
[Black "Ribeiro Jr, Valdir Uchoa"]
[Result "0-1"]
[WhiteElo "1437"]
[BlackElo "1780"]
[PlyCount "102"]
[EventDate "2024.01.20"]
[EventRounds "10"]
[EventCountry "BRA"]

1. e4 c5 2. Nf3 e6 3. d4 cxd4 4. Nxd4 Nf6 5. Nc3 Nc6 6. Bc4 Bb4 7. O-O O-O 8.
Nxc6 dxc6 ({RR} 8... bxc6 9. e5 Nd5 10. Nxd5 cxd5 11. Bd3 Qc7 12. Qg4 a5 13.
Qh4 g6 14. c3 Bc5 15. Re1 Re8 16. Re3 Bxe3 17. Bxe3 Qxe5 18. Bd4 Qh5 19. Qf6 e5
20. Re1 Ba6 {0-1 (20) Sahetchian,A (2202)-Tregubov,P (2616) Grosseto Prugna
2014}) 9. Bg5 $146 ({RR} 9. Qe2 e5 10. Bg5 h6 11. Bh4 g5 12. Bg3 Qe7 13. Kh1
Bxc3 14. bxc3 Kg7 15. Rad1 b5 16. Bd3 Nd7 17. f3 Nc5 18. c4 b4 19. Be1 a5 20.
g3 Re8 21. Bd2 f6 22. f4 exf4 23. gxf4 Bh3 {Dutina,D (2265)-Bertok,M (2285)
Zagreb 1998 1-0 (40)}) ({RR} 9. Qe2 e5 10. Bg5 Bxc3 11. bxc3 Qe7 12. Rab1 h6
13. Bh4 b6 14. f4 Bg4 15. Bxf6 Qc5+ 16. Qf2 Qxc4 17. Qg3 Qe6 18. Bxg7 Kxg7 19.
f5 Qxa2 20. Qxg4+ Kh7 21. Rbd1 Rg8 22. Qe2 a5 23. Rd7 Rad8 {Guevara Sanchez,E 
(2059)-Guevara Ruiz,M (1781) Panama City PAN 2023 1-0 (34)}) ({RR} 9. Qe2 b5
10. Bb3 e5 11. a4 bxa4 12. Nxa4 Qc7 13. Bg5 Be7 14. h3 Rb8 15. Bc4 Rd8 16. c3
c5 17. Qe3 Qc6 18. Bxf6 Qxf6 19. Nxc5 Rxb2 20. Rxa7 Re8 21. Bd5 h6 22. Nd3 Rc2
23. Nb4 Rb2 {Gritsayeva,O (2264)-Kalinina,V (2258) Kharkov 2000 1-0 (39)}) 9...
e5 10. Qxd8 Rxd8 11. Bxf6 gxf6 12. Rad1 Bd7 13. Ne2 Bc5 14. Ng3 b5 15. Be2 Kf8
16. Nf5 Be6 17. a3 a5 18. Rxd8+ Rxd8 19. Rd1 Rxd1+ 20. Bxd1 Bc4 21. b3 Be6 22.
a4 bxa4 23. bxa4 Bc4 24. g3 Bb4 25. h4 Be6 26. Kg2 Bc3 27. Kf3 c5 28. Ke2 c4
29. Ne3 Ke7 30. Nd5+ Bxd5 31. exd5 Kd6 32. Kf3 Kxd5 33. g4 Kd4 34. h5 Bd2 35.
Ke2 Kc3 36. f3 Bf4 37. Ke1 Bg3+ 38. Ke2 Bf4 39. Ke1 Bg3+ 40. Ke2 Kb4 41. Ke3
Kxa4 42. c3+ Ka3 43. Ke4 Kb2 44. Kd5 Kxc3 45. Be2 Kd2 46. Bxc4 Ke3 47. Kc5 Kxf3
48. Bxf7 h6 49. Be6 e4 50. Bd5 Kf4 51. Kd4 Bf2+ 0-1

[Event "Floripa Chess Open 2024"]
[Site "Florianopolis"]
[Date "2024.01.24"]
[Round "6.124"]
[White "Rodrigues, Julliano De Araujo"]
[Black "Gomes, Adrian Felipe L"]
[Result "0-1"]
[WhiteElo "1779"]
[BlackElo "1416"]
[PlyCount "96"]
[EventDate "2024.01.20"]
[EventRounds "10"]
[EventCountry "BRA"]

1. e4 c5 2. Nf3 e6 3. d4 cxd4 4. Nxd4 Nc6 5. Nb5 d6 6. Bf4 e5 7. Be3 Nf6 8. Bg5
Qa5+ 9. Bd2 ({RR} 9. N1c3 Nxe4 10. Bd2 Nxd2 11. Qxd2 Be6 12. a3 a6 13. b4 Qd8 {
0-1 (13) Dos Santos,L (2014)-Xie,B (2128) chess.com INT 2022}) 9... Qb6 $146 ({
RR} 9... Qd8) 10. Be3 Qa5+ 11. Qd2 Qd8 12. Bc4 Be7 13. O-O O-O 14. f3 Be6 15.
Bd5 a6 16. N5a3 Qc7 17. c3 Rac8 18. Qf2 Nxd5 19. exd5 Bxd5 20. Nd2 Be6 21. Rad1
f5 22. Nc2 Bd8 23. Qe2 Qf7 24. b3 f4 25. Bf2 Qg6 26. Ne4 d5 27. Nc5 Rc7 28.
Nxe6 Qxe6 29. Ne1 e4 30. Bb6 Rd7 31. Bxd8 Rfxd8 32. Nd3 Qf6 33. fxe4 Re7 34.
Nf2 Qxc3 35. Qg4 dxe4 36. Rxd8+ Nxd8 37. Rd1 Qc7 38. Qf5 e3 39. Nh3 Ne6 40. Qd3
Qa5 41. a4 Qe5 42. Qc4 e2 43. Re1 Qc5+ 44. Qxc5 Nxc5 45. Nxf4 Nxb3 46. Kf2 Nc5
47. a5 Re4 48. Kf3 Rxf4+ 0-1

[Event "Floripa Chess Open 2024"]
[Site "Florianopolis"]
[Date "2024.01.24"]
[Round "6.125"]
[White "Da Silva, Leticia Alice"]
[Black "Pereira, Thiago Henrique"]
[Result "1-0"]
[WhiteElo "1435"]
[BlackElo "1772"]
[PlyCount "93"]
[EventDate "2024.01.20"]
[EventRounds "10"]
[EventCountry "BRA"]

1. e4 c5 2. Nf3 e6 3. c3 d5 4. e5 Nc6 5. d4 cxd4 6. cxd4 Bb4+ 7. Bd2 Bxd2+ 8.
Nbxd2 ({RR} 8. Qxd2 Nge7 9. Nc3 a6 10. Bd3 b5 11. O-O Bd7 12. Qg5 Qb6 13. Ne2
O-O-O 14. a4 b4 15. a5 Qa7 16. Nc1 f6 17. Qxg7 Rhg8 18. Qh6 fxe5 19. dxe5 Rdf8
20. Qe3 d4 21. Qe4 Be8 22. Nb3 Bg6 {Slaby,J (2453)-Garcia Blanco,O (2044) La
Laguna 2007 1-0 (31)}) 8... Nge7 9. Bd3 ({RR} 9. g3 Nf5 10. Nb3 b6 11. Bg2 Ba6
12. Nc1 O-O 13. Ne2 Bxe2 14. Qxe2 Ncxd4 15. Nxd4 Nxd4 16. Qd3 Nc6 17. O-O Nxe5
18. Qd4 Qf6 19. Qd1 h6 20. b4 Rac8 21. b5 Rc5 22. a4 Rfc8 23. Qe2 Rc2 {
Delpouve,C-Pirtac,A Europe-Echecs INT 2021 0-1 (58)}) 9... Nf5 $146 ({RR} 9...
h6 10. O-O O-O 11. Nb3 Qb6 12. Re1 Nb4 13. Bf1 Rd8 14. a3 {1/2-1/2 (14)
Haitham,S-Nawaf,F (2125) Abu Dhabi 2001}) ({RR} 9... Bd7 10. a3 a5 11. O-O h6
12. Rc1 Qb6 13. Qb3 Qxb3 14. Nxb3 b6 15. a4 Nb4 16. Bb5 Bxb5 17. axb5 Kd7 18.
Rc3 Na2 19. Rd3 Rhc8 20. Ra1 Nb4 21. Rc3 Ra7 22. Nbd2 Rac7 23. Rac1 Nd3 24.
Rxc7+ {Posmuga,S (1626)-Turk,T (2003) Sveti Martin 2014 0-1 (52)}) 10. Nb3 a5
11. Bxf5 exf5 12. O-O O-O 13. Nc5 b6 14. Nd3 Ba6 15. Re1 Re8 16. a3 g5 17. h3
h5 18. Rc1 Re6 19. Qd2 Bxd3 20. Qxd3 g4 21. hxg4 hxg4 22. Nd2 Qg5 23. Nf1 f4
24. Qd2 Rh6 25. Ng3 Rc8 26. e6 fxe6 27. Re5 Qf6 28. Nh5 Qh4 29. g3 Qd8 30. Qxf4
Nxe5 31. Qxh6 Rxc1+ 32. Qxc1 Nf3+ 33. Kg2 Nxd4 34. Qf4 Nf5 35. Qxg4+ Kf7 36.
Nf4 Qf6 37. Qh5+ Ke7 38. b4 axb4 39. axb4 d4 40. Qf3 Nd6 41. Qe2 Qf5 42. f3 b5
43. Qd2 e5 44. Nd5+ Kd7 45. g4 Nc4 46. Nb6+ Kc6 47. Qh6+ 1-0